<?xml version="1.0" encoding="UTF-8"?>
<collection xmlns="http://www.loc.gov/MARC21/slim">
 <record>
  <leader>01493nam a2200217   4500</leader>
  <controlfield tag="001">1/46979</controlfield>
  <controlfield tag="008">170217s1971    gr            000 0 eng  </controlfield>
  <datafield tag="035" ind1=" " ind2=" ">
   <subfield code="l">49958</subfield>
  </datafield>
  <datafield tag="082" ind1="0" ind2="0">
   <subfield code="a">020 ΣΥΛ</subfield>
  </datafield>
  <datafield tag="242" ind1="1" ind2="0">
   <subfield code="a">Union Catalog of scientific periodicals in Greek Libraries :</subfield>
   <subfield code="b">Athens area 1968/.</subfield>
  </datafield>
  <datafield tag="245" ind1="0" ind2="0">
   <subfield code="a">&quot;Συλλογικός κατάλογος επιστημονικών περιοδικών βιβλιοθηκών Ελλάδος:</subfield>
   <subfield code="b">Περιοχή Αθηνών 1968/</subfield>
   <subfield code="c">επιμέλεια Α. Λ. Μάρτιν Παπάζογλου.</subfield>
  </datafield>
  <datafield tag="260" ind1=" " ind2=" ">
   <subfield code="a">Αθήναι:</subfield>
   <subfield code="b">Αθηναϊκός Τεχνολογικός Όμιλος: Αθηναϊκό Κέντρο Οικιστικής,</subfield>
   <subfield code="c">1971.</subfield>
  </datafield>
  <datafield tag="300" ind1=" " ind2=" ">
   <subfield code="a">800 σ. ;</subfield>
   <subfield code="c">28 εκ.</subfield>
  </datafield>
  <datafield tag="490" ind1=" " ind2="0">
   <subfield code="a">Σειρά δημοσιευμάτων ΑΚΟ έκθεσις τεκμηριώσεως ενιαίος κατάλογος;</subfield>
  </datafield>
  <datafield tag="500" ind1=" " ind2=" ">
   <subfield code="a">Δίγλωσση έκδοση.</subfield>
  </datafield>
  <datafield tag="504" ind1=" " ind2=" ">
   <subfield code="a">Ευρετήρια.</subfield>
  </datafield>
  <datafield tag="650" ind1=" " ind2="4">
   <subfield code="a">Περιοδικές εκδόσεις</subfield>
   <subfield code="x">Bιβλιογραφία</subfield>
   <subfield code="x">Κατάλογοι.</subfield>
  </datafield>
  <datafield tag="700" ind1="1" ind2=" ">
   <subfield code="a">Martin- Papazoglou, A. L.</subfield>
  </datafield>
  <datafield tag="710" ind1="1" ind2="0">
   <subfield code="a">Αθηναϊκός Τεχνολογικός Όμιλος,</subfield>
   <subfield code="x">Αθηναϊκό κέντρο οικιστικής.</subfield>
  </datafield>
  <datafield tag="830" ind1=" " ind2=" ">
   <subfield code="a">Σειρά δημοσιευμάτων ΑΚΟ έκθεσις τεκμηριώσεως ενιαίος κατάλογος;</subfield>
   <subfield code="n">D1</subfield>
   <subfield code="f">1971.</subfield>
  </datafield>
  <datafield tag="852" ind1=" " ind2=" ">
   <subfield code="a">INST</subfield>
   <subfield code="b">UNIPILB</subfield>
   <subfield code="c">MAIN</subfield>
   <subfield code="e">20170217</subfield>
   <subfield code="h">020 ΣΥΛ</subfield>
   <subfield code="p">00176801</subfield>
   <subfield code="q">00176801</subfield>
   <subfield code="t">NOLOAN</subfield>
   <subfield code="y">23</subfield>
   <subfield code="4">1</subfield>
  </datafield>
 </record>
</collection>
